The New Yorker (Record no. 7652)

MARC details
000 -CABECERA
campo de control de longitud fija 00854nam a2200229 a 4500
001 - NÚMERO DE CONTROL
campo de control BRCA_7983
005 - FECHA Y HORA DE LA ÚLTIMA TRANSACCIÓN
campo de control 20190320210100.0
008 - DATOS DE LONGITUD FIJA--INFORMACIÓN GENERAL
campo de control de longitud fija 130314s1973----nyua###f##---#000-0#eng-#
041 ## - CÓDIGO DE LENGUA
Código de lengua del texto/banda sonora o título independiente eng
044 ## - CÓDIGO DEL PAÍS DE LA ENTIDAD EDITORA/PRODUCTORA
Código MARC del país nyu
245 10 - MENCIÓN DE TÍTULO
Título The New Yorker
Resto del título introducing spring another great season from mother nature
Mención de responsabilidad, etc. Peter F. Fleishman, chairman and president ; David D. Michael, publisher.
260 ## - PUBLICACIÓN, DISTRIBUCIÓN, ETC.
Lugar de publicación, distribución, etc. New York
Nombre del editor, distribuidor, etc. The New Yorker Magazine
Fecha de publicación, distribución, etc. 1973
300 ## - DESCRIPCIÓN FÍSICA
Extensión 3 fascículos
Otras características físicas il. (algunas a color)
Dimensiones 29 cm.
500 ## - NOTA GENERAL
Nota general 309
500 ## - NOTA GENERAL
Nota general Revistas inventariadas como un sólo libro por el Banco de México
500 ## - NOTA GENERAL
Nota general No.1, 24 marzo, 1973 No.2, 31 marzo, 1973 No.3, 7 abril, 1973
650 14 - PUNTO DE ACCESO ADICIONAL DE MATERIA--TÉRMINO DE MATERIA
Término de materia o nombre geográfico como elemento de entrada Modas
Subdivisión de forma Revistas
Subdivisión geográfica Estados Unidos (New York)
9 (RLIN) 19800
700 1# - PUNTO DE ACCESO ADICIONAL--NOMBRE DE PERSONA
Nombre de persona Fleishman, Peter F.
9 (RLIN) 19801
700 1# - PUNTO DE ACCESO ADICIONAL--NOMBRE DE PERSONA
Nombre de persona Michael, David D.
9 (RLIN) 19802
902 ## - CATALOGADOR
Iniciales GFM
942 ## - ELEMENTOS DE PUNTO DE ACCESO ADICIONAL (KOHA)
Fuente del sistema de clasificación o colocación Library of Congress Classification
Tipo de ítem Koha Libros
Holdings
Estado de retiro Estado de pérdida Estado dañado No para préstamo Localización permanente Ubicación/localización actual Fecha de adquisición Número de inventario Total de préstamos Signatura topográfica completa Código de barras Fecha visto por última vez Precio válido a partir de Tipo de ítem Koha
El ejemplar forma parte de la colección y puede ser consultado según las políticas vigentes.       Biblioteca del Museo Franz Mayer (Rogerio Casas-Alatriste) Biblioteca del Museo Franz Mayer (Rogerio Casas-Alatriste) 13/03/2014 309   (309) 8594 22/03/2019 22/03/2019 Libros